Salud y seguridad social /
Wedi'i Gadw mewn:
| Prif Awdur: | |
|---|---|
| Fformat: | Texto |
| Pynciau: | |
| Tagiau: |
Ychwanegu Tag
Dim Tagiau, Byddwch y cyntaf i dagio'r cofnod hwn!
|
MARC
| LEADER | 00000 a a2200000 04500 | ||
|---|---|---|---|
| 001 | 45920 | ||
| 003 | |||
| 040 | |||
| 090 | |a REV0657 (81) 1995 | ||
| 100 | |a Gutierrez Arriola, Angelina | ||
| 245 | |a Salud y seguridad social / |c Angelina Gutiérrez Arriola | ||
| 650 | |a SALUD | ||
| 650 | |a SEGURIDAD SOCIAL | ||
| 650 | |a MEXICO | ||
| 773 | |g número81 (1995), páginas 26-28 | ||
| 999 | |c 37833 |d 37833 | ||
